Microbiology of water and wastewater (Record no. 396760)

MARC details
000 -LEADER
fixed length control field 00590nam a2200229 4500
005 - DATE & TIME
control field 20260121095515.0
008 - FIXED-LENGTH DATA ELEMENTS--GENERAL INFORMATION
fixed length control field 260121b |||||||| |||| 00| 0 eng d
020 ## - ISBN
International Standard Book Number 9789349369351
Price Rs.1995.00
040 ## - CATALOGING SOURCE
Original cataloging agency VIVEKANANDA LIBRARY
082 ## - DDC NUMBER
Classification number 628.01
Book Number K119M
100 ## - MAIN ENTRY--PERSONAL NAME
Personal name Kagne, Suresh Raghunathrao
245 ## - TITLE STATEMENT
Title Microbiology of water and wastewater
260 ## - PUBLICATION, DISTRIBUTION, ETC. (IMPRINT)
Place of publication, distribution, etc Jaipur
Name of publisher, distributor, etc Apex Publication
Date of publication, distribution, etc 2025
300 ## - PHYSICAL DESCRIPTION
Pages viii, 262
650 ## - Subject
Subject Microbiology
650 ## - Subject
Subject Microbes
650 ## - Subject
Subject Water Purification
650 ## - Subject
Subject Waste water
700 ## - Added Entry Personal Name
Added Entry Personal Name Puri, Swati Suresh
942 ## - ADDED ENTRY ELEMENTS (KOHA)
Koha item type Books

No items available.

© Designed and Maintained by Vivekananda Library, MDU Rohtak